000 02624cam a2200301 4500500
005 20260329015628.0
041 _afre
042 _adc
100 1 0 _aLaval, Virginie
_eauthor
700 1 0 _aLe Sourn-Bissaoui, Sandrine
_eauthor
700 1 0 _aGirard, Pauline
_eauthor
700 1 0 _aChevreuil, Claire
_eauthor
700 1 0 _aAguert, Marc
_eauthor
245 0 0 _aProsodie émotionnelle et compréhension des actes de langage expressifs chez des enfants et adolescents avec un Trouble du Spectre Autistique.
260 _c2012.
500 _a36
520 _aRésuméCette recherche se propose d’étudier le rôle de la prosodie émotionnelle dans la compréhension d’actes de langage expressifs par des enfants et des adolescents présentant un Trouble du Spectre Autistique (TSA). Vingt-six participants avec TSA et vingt-six témoins typiques doivent déterminer l’état émotionnel du locuteur à partir d’une épreuve informatisée de complètement d’histoires. Les énoncés proposés sont dépourvus de contenu sémantique (pseudo-énoncés), combinés à une prosodie négative ou positive et présentés dans deux conditions : imbriqués dans un contexte (positif ou négatif) ou isolés. Lorsque la prosodie est en compétition avec le contexte, les participants avec TSA utilisent moins la prosodie positive que leurs témoins. La discussion se focalise sur les déficits inférentiels et exécutifs présents dans les TSA.
520 _aThe objective of this research is to study the role of emotional prosody in expressive language acts understanding by children and adolescents with Autism Spectrum Disorders. Twenty-six children and adolescents with ASD and twenty-six typically developing controls performed a computerized task featuring emotional prosody, either embedded in a discrepant context or without any context at all. The experimental task was to determine the emotional state of the speaker. When the prosody was embedded in a discrepant context, they relied less on the emotional prosody than the controls, but only when it was positive. We discuss these findings with respect to executive and inferential deficits presents in ASD.
690 _acompréhension
690 _acontexte
690 _aprosodie émotionnelle
690 _aTSA
690 _aAutism Spectrum Disorders
690 _acontext
690 _aemotional prosody
786 0 _nRevue française de linguistique appliquée | XVII | 2 | 2012-12-01 | p. 77-88 | 1386-1204
856 4 1 _uhttps://shs.cairn.info/revue-francaise-de-linguistique-appliquee-2012-2-page-77?lang=fr&redirect-ssocas=7080
999 _c1899626
_d1899626